[Event "American Continental 19th"]
[Site "Foz do Iguacu"]
[Date "2025.05.28"]
[Round "8"]
[White "Alboredo, Julia"]
[Black "De Oliveira, Jairo Quintiliano"]
[Result "1-0"]
[WhiteElo "2165"]
[BlackElo "1942"]
[PlyCount "153"]
[EventDate "2025.05.23"]
[EventType "swiss"]
[EventRounds "11"]
[EventCountry "BRA"]
[SourceTitle "CB23_2025"]
[SourceDate "2025.06.04"]
[SourceVersion "1"]
[SourceVersionDate "2025.06.04"]
[SourceQuality "1"]

1. e4 c5 2. Nf3 Nc6 3. Bb5 Nf6 4. Bxc6 dxc6 5. d3 g6 6. 0-0 Bg7 7. h3 0-0 8. Nc3 Ne8 9. Be3 b6 10. Qd2 e5 11. Nh2 Nc7 12. f4 exf4 13. Bxf4 Ne6 14. Bh6 Bxh6 15. Qxh6 Qg5 16. Qxg5 Nxg5 17. Rf6 Bd7 18. Raf1 h5 19. h4 Nh7 20. Rd6 Rfd8 21. e5 Rac8 22. a4 Bf5 23. Rxd8+ Rxd8 24. b3 Re8 25. Re1 f6 26. a5 b5 27. Nf3 Kf7 28. Kf2 Nf8 29. exf6 Rxe1 30. Kxe1 Kxf6 31. Ng5 Ne6 32. Nxe6 Kxe6 33. Ne2 Kd5 34. Kd2 Ke5 35. Ke3 Be6 36. Nf4 Bf7 37. Nh3 Kf5 38. Nf2 Bd5 39. g3 a6 40. c4 Bg2 41. Nd1 Bf1 42. Nf2 Bg2 43. Kd2 Ke5 44. Ke3 Kf5 45. d4 bxc4 46. bxc4 Bf1 47. dxc5 Bxc4 48. Kd4 Be2 49. Ke3 Bf1 50. Ne4 Ke5 51. Nd6 Kd5 52. Nb7 Kc4 53. Ke4 Bd3+ 54. Ke5 Kb5 55. Kf6 Bc2 56. Kg5 Bb1 57. Kf4 Kc4 58. Ke5 Kb5 59. Kd6 Be4 60. Kc7 Bg2 61. Kd6 Bf3 62. Nd8 Bg2 63. Nb7 Bf3 64. Ke5 Kc4 65. Kf6 Bg4 66. Kxg6 Kd5 67. Kg5 Be2 68. Kf4 Bg4 69. Ke3 Bc8 70. Nd6 Be6 71. Ne4 Bf5 72. Nf6+ Kxc5 73. Nxh5 Kb4 74. Nf6 c5 75. g4 Bb1 76. g5 c4 77. Kd2 1-0

[Event "American Continental 19th"]
[Site "Foz do Iguacu"]
[Date "2025.05.27"]
[Round "7"]
[White "Brandao, Renan Alves"]
[Black "Alboredo, Julia"]
[Result "1-0"]
[WhiteElo "2032"]
[BlackElo "2165"]
[PlyCount "67"]
[EventDate "2025.05.23"]
[EventType "swiss"]
[EventRounds "11"]
[EventCountry "BRA"]
[SourceTitle "CB23_2025"]
[SourceDate "2025.06.04"]
[SourceVersion "1"]
[SourceVersionDate "2025.06.04"]
[SourceQuality "1"]

1. d4 Nf6 2. c4 e6 3. Nc3 Bb4 4. Bg5 h6 5. Bh4 c5 6. d5 exd5 7. cxd5 d6 8. e3 0-0 9. Bd3 Nbd7 10. Nge2 Ne5 11. 0-0 Ng6 12. Bg3 Nh5 13. a3 Bxc3 14. bxc3 Nxg3 15. Nxg3 Ne5 16. f4 Ng4 17. Qf3 Re8 18. e4 c4 19. Bxc4 Qb6+ 20. Kh1 Qc5 21. Bd3 b5 22. h3 Ne3 23. Rfe1 Nc4 24. Nh5 Kh8 25. Qg3 Rg8 26. e5 Bb7 27. e6 Bxd5 28. Qg4 g6 29. exf7 gxh5 30. fxg8Q+ Rxg8 31. Qd7 Bxg2+ 32. Kh2 Be4 33. Bxe4 Qf2+ 34. Kh1 1-0

[Event "American Continental 19th"]
[Site "Foz do Iguacu"]
[Date "2025.05.26"]
[Round "6"]
[White "Alboredo, Julia"]
[Black "Medeiros, Thauane Ferreira"]
[Result "1/2-1/2"]
[WhiteElo "2165"]
[BlackElo "1972"]
[PlyCount "50"]
[EventDate "2025.05.23"]
[EventType "swiss"]
[EventRounds "11"]
[EventCountry "BRA"]
[SourceTitle "CB23_2025"]
[SourceDate "2025.06.04"]
[SourceVersion "1"]
[SourceVersionDate "2025.06.04"]
[SourceQuality "1"]

1. e4 e5 2. Nf3 Nc6 3. Bc4 Nf6 4. d3 Be7 5. a4 d6 6. c3 Na5 7. Ba2 c5 8. b4 Nc6 9. b5 Nb8 10. 0-0 0-0 11. Na3 h6 12. Nc4 a6 13. bxa6 Rxa6 14. Ne3 Bd7 15. Bb2 Bxa4 16. Bxf7+ Rxf7 17. Rxa4 Rxa4 18. Qxa4 Qd7 19. Qb3 Nc6 20. Ra1 Bf8 21. Bc1 Kh7 22. Rb1 Nd8 23. d4 exd4 24. cxd4 g6 25. Qc2 Qe6 1/2-1/2

[Event "Santa Fe Perez op"]
[Site "Santa Fe"]
[Date "2025.03.04"]
[Round "9"]
[White "Alboredo, Julia"]
[Black "Villarreal, Agustin"]
[Result "0-1"]
[WhiteElo "2153"]
[BlackElo "2292"]
[PlyCount "108"]
[EventDate "2025.02.28"]
[EventType "swiss"]
[EventRounds "9"]
[EventCountry "ARG"]
[SourceTitle "CB10_2025"]
[SourceDate "2025.03.05"]
[SourceVersion "1"]
[SourceVersionDate "2025.03.05"]
[SourceQuality "1"]

1. e4 e5 2. Nf3 Nc6 3. Bb5 a6 4. Ba4 Nf6 5. d3 b5 6. Bb3 Be7 7. 0-0 d6 8. c3 Na5 9. Bc2 c5 10. d4 Qc7 11. d5 0-0 12. b3 Bg4 13. Nbd2 Nb7 14. Bb2 Rfc8 15. Rc1 Nd7 16. h3 Bxf3 17. Nxf3 Nb6 18. Nh2 c4 19. Qg4 Nc5 20. Rcd1 Ncd7 21. Qg3 Nf6 22. Ng4 Nxg4 23. Qxg4 Bf6 24. b4 a5 25. Ba3 axb4 26. Bxb4 Rxa2 27. Rd2 Rca8 28. g3 Rb2 29. Rb1 Rxb1+ 30. Bxb1 Ra1 31. Rd1 Na4 32. Bc2 Ra2 33. Rd2 Nc5 34. Re2 Na6 35. Bb1 Rxe2 36. Qxe2 Nxb4 37. cxb4 Qa7 38. h4 g6 39. Qa2 Qxa2 40. Bxa2 Bd8 41. Kf1 Bb6 42. Ke2 Bd4 43. f4 Bc3 44. fxe5 Bxe5 45. g4 Bc3 46. Ke3 Kg7 47. g5 Bxb4 48. Kd4 Bc5+ 49. Kc3 Bf2 50. Kb4 Bxh4 51. Kxb5 c3 52. Bb3 Bxg5 53. Kc4 Bf6 54. Kd3 Be5 0-1

[Event "Titled Tuesday intern op 21st Jan Late"]
[Site "Chess.com INT"]
[Date "2025.01.21"]
[Round "2"]
[White "Alboredo, Julia"]
[Black "Mora Velasco, Alma Jaqueline"]
[Result "1-0"]
[WhiteElo "2152"]
[BlackElo "1884"]
[PlyCount "39"]
[EventDate "2025.01.21"]
[EventType "swiss (blitz)"]
[EventRounds "11"]
[EventCountry "USA"]
[SourceTitle "CB05_2025"]
[SourceDate "2025.01.29"]
[SourceVersion "1"]
[SourceVersionDate "2025.01.29"]
[SourceQuality "1"]

1. e4 c5 2. Nf3 d6 3. Nc3 Nf6 4. e5 dxe5 5. Nxe5 Qc7 6. d4 a6 7. Bf4 Qb6 8. Nc4 Qd8 9. dxc5 Nbd7 10. Qe2 Nxc5 11. Rd1 Be6 12. Rxd8+ Rxd8 13. g3 g6 14. Bg2 b5 15. Ne5 Bg7 16. Bc6+ Kf8 17. 0-0 h5 18. b4 Ncd7 19. Nxg6+ fxg6 20. Qxe6 1-0

[Event "Titled Tuesday intern op 21st Jan Late"]
[Site "Chess.com INT"]
[Date "2025.01.21"]
[Round "9"]
[White "Gelman, Alexander"]
[Black "Alboredo, Julia"]
[Result "1-0"]
[WhiteElo "2403"]
[BlackElo "2152"]
[PlyCount "59"]
[EventDate "2025.01.21"]
[EventType "swiss (blitz)"]
[EventRounds "11"]
[EventCountry "USA"]
[SourceTitle "CB05_2025"]
[SourceDate "2025.01.29"]
[SourceVersion "1"]
[SourceVersionDate "2025.01.29"]
[SourceQuality "1"]

1. d4 Nf6 2. Nc3 g6 3. e4 d6 4. f4 Bg7 5. Nf3 0-0 6. e5 Ne8 7. Be3 c6 8. Qd2 b5 9. h4 Bg4 10. Be2 Nd7 11. Ne4 d5 12. Nf2 Bxf3 13. Bxf3 f6 14. h5 fxe5 15. fxe5 e6 16. hxg6 hxg6 17. Bg5 Qc7 18. 0-0-0 c5 19. Ng4 cxd4 20. Nh6+ Bxh6 21. Rxh6 Nxe5 22. Rdh1 Rc8 23. Kb1 Ng7 24. Bd1 d3 25. cxd3 Nxd3 26. Qxd3 Rf2 27. Qxg6 Rxb2+ 28. Kxb2 Qc3+ 29. Kb1 Qb4+ 30. Bb3 1-0

[Event "Titled Tuesday intern op 21st Jan Late"]
[Site "Chess.com INT"]
[Date "2025.01.21"]
[Round "1"]
[White "Suleymanli, Suleyman"]
[Black "Alboredo, Julia"]
[Result "1-0"]
[WhiteElo "2280"]
[BlackElo "2152"]
[PlyCount "83"]
[EventDate "2025.01.21"]
[EventType "swiss (blitz)"]
[EventRounds "11"]
[EventCountry "USA"]
[SourceTitle "CB05_2025"]
[SourceDate "2025.01.29"]
[SourceVersion "1"]
[SourceVersionDate "2025.01.29"]
[SourceQuality "1"]

1. Nf3 Nf6 2. d4 g6 3. g3 Bg7 4. Bg2 d6 5. 0-0 0-0 6. c4 c6 7. Nc3 Bf5 8. Re1 Ne4 9. Bd2 Nxc3 10. Bxc3 d5 11. Qb3 Qb6 12. cxd5 Qxb3 13. axb3 cxd5 14. Nd2 Be6 15. e4 Rd8 16. exd5 Bxd5 17. Bxd5 Rxd5 18. Rxe7 Nc6 19. Rxb7 Bxd4 20. Ne4 Kg7 21. Rc7 Ne5 22. Ng5 Bxc3 23. bxc3 h6 24. Ne6+ Kg8 25. Nf4 Rd2 26. Raxa7 Rxa7 27. Rxa7 Ng4 28. Nh3 Rc2 29. Rc7 Nf6 30. Nf4 g5 31. Nd3 Kg7 32. Ne5 Nd5 33. Rxf7+ Kg8 34. Rd7 Nxc3 35. Ng4 Ne4 36. Nxh6+ Kf8 37. Rf7+ Ke8 38. Rf5 Kd7 39. Ng4 Rb2 40. Kg2 Ke6 41. Re5+ Kd6 42. Rxe4 1-0

[Event "American Continental (Women) 15th"]
[Site "Santo Domingo"]
[Date "2024.11.28"]
[Round "8"]
[White "Lopez Rayo, Isabella"]
[Black "Alboredo, Julia"]
[Result "1/2-1/2"]
[WhiteElo "1974"]
[BlackElo "2146"]
[PlyCount "58"]
[EventDate "2024.11.24"]
[EventType "swiss"]
[EventRounds "9"]
[EventCountry "DOM"]
[SourceTitle "CB49_2024"]
[SourceDate "2024.12.04"]
[SourceVersion "1"]
[SourceVersionDate "2024.12.04"]
[SourceQuality "1"]

1. e4 c5 2. Nf3 Nc6 3. d4 cxd4 4. Nxd4 Nf6 5. Nc3 e5 6. Ndb5 d6 7. Bg5 a6 8. Na3 b5 9. Nd5 Be7 10. Bxf6 Bxf6 11. c4 b4 12. Nc2 a5 13. Qf3 Be6 14. g3 a4 15. Ndxb4 Nxb4 16. Nxb4 Qa5 17. a3 0-0 18. Bd3 Bd8 19. 0-0 Bb6 20. Rab1 Bc5 21. Nc2 Rab8 22. Qe2 Rb3 23. Na1 Rxd3 24. Qxd3 Bh3 25. b4 axb3 26. Nxb3 Bxf1 27. Kxf1 Qxa3 28. Nxc5 Qxc5 29. Rb5 Qc8 1/2-1/2

[Event "American Continental (Women) 15th"]
[Site "Santo Domingo"]
[Date "2024.11.26"]
[Round "5"]
[White "Alboredo, Julia"]
[Black "Pachon Gutierrez, Adriana Paola"]
[Result "0-1"]
[WhiteElo "2146"]
[BlackElo "2042"]
[PlyCount "104"]
[EventDate "2024.11.24"]
[EventType "swiss"]
[EventRounds "9"]
[EventCountry "DOM"]
[SourceTitle "CB49_2024"]
[SourceDate "2024.12.04"]
[SourceVersion "1"]
[SourceVersionDate "2024.12.04"]
[SourceQuality "1"]

1. e4 c6 2. d4 d5 3. exd5 cxd5 4. c4 Nf6 5. Nc3 Nc6 6. Nf3 e6 7. c5 Be7 8. Bb5 0-0 9. 0-0 Bd7 10. Re1 h6 11. h3 Qc7 12. Bxc6 bxc6 13. Ne5 Qb7 14. Rb1 a5 15. Bf4 Be8 16. Qa4 Qb4 17. a3 Qxa4 18. Nxa4 g5 19. Bh2 Ne4 20. Nb6 Ra6 21. Nd3 Bf6 22. Be5 Bxe5 23. Nxe5 f6 24. Nf3 Bh5 25. g4 Bg6 26. Rbd1 a4 27. Nh2 Kf7 28. f3 Nd6 29. Nxd5 cxd5 30. cxd6 Rxd6 31. Rc1 Rb8 32. Rc7+ Ke8 33. Re2 Bd3 34. Rd2 Rb3 35. Ra7 Ra6 36. Rc7 Rab6 37. Ra7 Bb5 38. Rc7 Rc6 39. Rxc6 Bxc6 40. Kg2 Bb5 41. h4 Kd7 42. hxg5 hxg5 43. f4 gxf4 44. Nf3 Kd6 45. Kf2 e5 46. dxe5+ fxe5 47. Rc2 Bd3 48. Rc8 Rxb2+ 49. Kg1 Rb1+ 50. Kh2 Be4 51. Ng1 Rb2+ 52. Kh3 f3 0-1

[Event "Olympiad Women-45"]
[Site "Budapest"]
[Date "2024.09.14"]
[Round "4.31"]
[White "Alboredo, Julia"]
[Black "Yepez Montenegro, Gloria Luz"]
[Result "1-0"]
[WhiteElo "2127"]
[BlackElo "1818"]
[PlyCount "79"]
[EventDate "2024.09.11"]
[EventType "team-swiss"]
[EventRounds "11"]
[EventCountry "HUN"]
[SourceTitle "EXT 2025"]
[Source "ChessBase"]
[SourceDate "2024.10.14"]
[SourceVersion "1"]
[SourceVersionDate "2024.10.14"]
[SourceQuality "1"]
[WhiteTeam "Brazil (W)"]
[BlackTeam "Bolivia (W)"]
[WhiteTeamCountry "BRA"]
[BlackTeamCountry "BOL"]

1. e4 e6 2. d4 d5 3. e5 c5 4. c3 Nc6 5. Nf3 Bd7 6. Be2 cxd4 7. cxd4 Nge7 8. 0-0 Qb6 9. Nc3 Nf5 10. Na4 Qa5 11. Bd2 Qd8 12. Bc3 b5 13. Bxb5 Nxe5 14. Bxd7+ Nxd7 15. b4 Bd6 16. Nc5 0-0 17. Qe2 Nb6 18. a4 Qe7 19. Ne5 Bxe5 20. Qxe5 Nc4 21. Qe2 a6 22. f4 Rfe8 23. Rae1 Ra7 24. Qd3 h5 25. Rf2 g6 26. g3 Kg7 27. Rfe2 Qc7 28. Rb1 Kg8 29. Be1 Rc8 30. Bf2 Qc6 31. Kg2 Raa8 32. h3 Kg7 33. g4 hxg4 34. hxg4 Ne7 35. Rbe1 e5 36. fxe5 Rh8 37. Qf3 Rh6 38. Qf6+ Kg8 39. Qxe7 Qc8 40. e6 1-0

[Event "Titled Tuesday intern op 03rd Sep Late"]
[Site "Chess.com INT"]
[Date "2024.09.03"]
[Round "10"]
[White "Alboredo, Julia"]
[Black "Hong, Andrew Z"]
[Result "0-1"]
[WhiteElo "2127"]
[BlackElo "2572"]
[PlyCount "64"]
[EventDate "2024.09.03"]
[EventType "swiss (blitz)"]
[EventRounds "11"]
[EventCountry "USA"]
[SourceTitle "EXT 2025"]
[Source "ChessBase"]
[SourceDate "2024.10.14"]
[SourceVersion "1"]
[SourceVersionDate "2024.10.14"]
[SourceQuality "1"]

1. d4 d6 2. e4 g6 3. Nc3 Bg7 4. Nf3 a6 5. a4 Nc6 6. Be2 Bg4 7. Be3 e5 8. d5 Bxf3 9. Bxf3 Nd4 10. a5 Ne7 11. 0-0 0-0 12. Be2 f5 13. f3 f4 14. Bf2 g5 15. h3 h5 16. Nb1 Ng6 17. c3 Nxe2+ 18. Qxe2 Bf6 19. c4 Kg7 20. c5 g4 21. fxg4 f3 22. Qxf3 Bh4 23. Qe3 hxg4 24. Nd2 Nf4 25. hxg4 Qg5 26. Nf3 Bxf2+ 27. Qxf2 Qxg4 28. Qc2 Qg3 29. cxd6 cxd6 30. Ra3 Rh8 31. Qc7+ Kg8 32. Nh4 Ne2+ 0-1

[Event "Titled Tuesday intern op 03rd Sep Late"]
[Site "Chess.com INT"]
[Date "2024.09.03"]
[Round "7"]
[White "Alboredo, Julia"]
[Black "Maltsevskaya, Aleksandra"]
[Result "0-1"]
[WhiteElo "2127"]
[BlackElo "2404"]
[PlyCount "104"]
[EventDate "2024.09.03"]
[EventType "swiss (blitz)"]
[EventRounds "11"]
[EventCountry "USA"]
[SourceTitle "EXT 2025"]
[Source "ChessBase"]
[SourceDate "2024.10.14"]
[SourceVersion "1"]
[SourceVersionDate "2024.10.14"]
[SourceQuality "1"]

1. d4 Nf6 2. c4 g6 3. Nc3 Bg7 4. Nf3 d6 5. Bg5 0-0 6. e3 c6 7. Bd3 a6 8. 0-0 b5 9. b3 Nbd7 10. Qc2 Bb7 11. a4 h6 12. Bh4 e5 13. Ne4 Qe7 14. Bxf6 Nxf6 15. c5 Nxe4 16. Bxe4 d5 17. Bxg6 fxg6 18. Qxg6 Rf6 19. Qg3 e4 20. Ne5 Rf5 21. axb5 axb5 22. Rxa8+ Bxa8 23. Ra1 Bb7 24. Ra7 Rxe5 25. dxe5 Qxc5 26. Ra1 Qc3 27. Rf1 Qxe5 28. Qg4 Qc7 29. f3 Bc8 30. Qg6 exf3 31. Rxf3 Qd7 32. h3 Qe6 33. Qg3 Bd7 34. Qb8+ Kh7 35. Qc7 d4 36. exd4 Bxd4+ 37. Kf1 Be5 38. Qd8 Qd5 39. Qe7+ Bg7 40. Qe2 Bf5 41. Qf2 Bd3+ 42. Kg1 Bd4 43. Rf7+ Kg6 44. Rf6+ Bxf6 45. Qg3+ Bg5 46. h4 Qd4+ 47. Kh2 Qxh4+ 48. Qxh4 Bxh4 49. g3 Bf6 50. Kg2 c5 51. Kf3 Bc2 52. b4 cxb4 0-1

[Event "Titled Tuesday intern op 03rd Sep Late"]
[Site "Chess.com INT"]
[Date "2024.09.03"]
[Round "2"]
[White "Alboredo, Julia"]
[Black "Sailer, Mike L"]
[Result "1-0"]
[WhiteElo "2127"]
[BlackElo "2095"]
[PlyCount "45"]
[EventDate "2024.09.03"]
[EventType "swiss (blitz)"]
[EventRounds "11"]
[EventCountry "USA"]
[SourceTitle "EXT 2025"]
[Source "ChessBase"]
[SourceDate "2024.10.14"]
[SourceVersion "1"]
[SourceVersionDate "2024.10.14"]
[SourceQuality "1"]

1. d4 d5 2. Nf3 Nf6 3. g3 g6 4. Bg2 Bg7 5. 0-0 0-0 6. c4 c6 7. b3 Bf5 8. Bb2 Nbd7 9. Nh4 Bg4 10. h3 Be6 11. Nd2 Re8 12. Qc2 Nf8 13. Rad1 Bh6 14. f4 Qc8 15. f5 Bd7 16. Kh2 Bg7 17. e4 dxe4 18. Nxe4 Nxe4 19. Bxe4 Bxf5 20. Bxf5 gxf5 21. Nxf5 Qe6 22. Nxg7 Kxg7 23. d5+ 1-0

[Event "American Continental 18th"]
[Site "Medellin"]
[Date "2024.05.30"]
[Round "9"]
[White "Alboredo, Julia"]
[Black "Ospina Castro, Santiago"]
[Result "1/2-1/2"]
[WhiteElo "2202"]
[BlackElo "2016"]
[PlyCount "147"]
[EventDate "2024.05.24"]
[EventType "swiss"]
[EventRounds "11"]
[EventCountry "COL"]
[SourceTitle "CBM 220 Extra"]
[Source "ChessBase"]
[SourceDate "2024.07.31"]
[SourceVersion "1"]
[SourceVersionDate "2024.07.31"]
[SourceQuality "1"]

1. e4 c5 2. Nf3 d6 3. Bb5+ Nd7 4. a4 a6 5. Be2 Ngf6 6. Nc3 Ne5 7. Nxe5 dxe5 8. 0-0 b6 9. d3 e6 10. b3 Be7 11. Bb2 0-0 12. Nb1 Qc7 13. Nd2 Bb7 14. Ra2 Nd7 15. Qa1 b5 16. f4 Bf6 17. f5 exf5 18. Rxf5 Rae8 19. Qf1 Qd6 20. Qf2 g6 21. Rf3 Bd8 22. Qg3 f6 23. Nf1 c4 24. bxc4 Bb6+ 25. Kh1 bxc4 26. Ra1 cxd3 27. Rxd3 Qc7 28. Rxd7 Qxd7 29. Qb3+ Kg7 30. Qxb6 Bxe4 31. Qxa6 Ra8 32. Qb5 Bc6 33. Qc5 Qb7 34. Bb5 Bxg2+ 35. Kg1 Rac8 36. Qf2 Bc6 37. c4 Bxb5 38. axb5 Rf7 39. Ne3 Qe4 40. b6 Qc6 41. Rc1 Ra8 42. Nd5 Ra4 43. Nxf6 Qxf6 44. Qxf6+ Kxf6 45. c5 Rb4 46. Ba3 Rb3 47. c6 Rxb6 48. c7 Rxc7 49. Rxc7 h5 50. h4 Kf5 51. Bc5 Rb1+ 52. Kg2 g5 53. hxg5 Kxg5 54. Be3+ Kf5 55. Rh7 Ke4 56. Bf2 Kd5 57. Rxh5 Rb8 58. Kf3 Rb3+ 59. Be3 Rb8 60. Bd2 Rb3+ 61. Ke2 Rb8 62. Bc3 Re8 63. Ke3 Re6 64. Rh8 e4 65. Rd8+ Kc6 66. Bb4 Kc7 67. Rd5 Kc6 68. Rc5+ Kd7 69. Bc3 Rc6 70. Rd5+ Rd6 71. Rc5 Rc6 72. Rd5+ Rd6 73. Kxe4 Rxd5 74. Kxd5 1/2-1/2

[Event "American Continental 18th"]
[Site "Medellin"]
[Date "2024.05.29"]
[Round "8"]
[White "Leon Acevedo, Juan Alejandro"]
[Black "Alboredo, Julia"]
[Result "0-1"]
[WhiteElo "1973"]
[BlackElo "2202"]
[PlyCount "114"]
[EventDate "2024.05.24"]
[EventType "swiss"]
[EventRounds "11"]
[EventCountry "COL"]
[SourceTitle "CBM 220 Extra"]
[Source "ChessBase"]
[SourceDate "2024.07.31"]
[SourceVersion "1"]
[SourceVersionDate "2024.07.31"]
[SourceQuality "1"]

1. d4 Nf6 2. Nf3 e6 3. Bg5 d5 4. c4 Be7 5. Nc3 0-0 6. e3 h6 7. Bh4 b6 8. cxd5 exd5 9. Rc1 Be6 10. Bd3 Nbd7 11. 0-0 c5 12. Ne5 Nxe5 13. dxe5 Ng4 14. Bxe7 Qxe7 15. Be2 Nxe5 16. Nxd5 Bxd5 17. Qxd5 Rad8 18. Qb3 Rd2 19. Rc2 Rfd8 20. Rxd2 Rxd2 21. Rd1 Qd6 22. h3 Rxd1+ 23. Qxd1 Qxd1+ 24. Bxd1 Nd3 25. b3 Kf8 26. Kf1 Ke7 27. a3 Kd6 28. Ke2 c4 29. b4 a5 30. bxa5 bxa5 31. Bc2 Nc5 32. Kd2 Ne6 33. Kc3 Kc5 34. a4 Nc7 35. e4 Ne6 36. g3 f6 37. Bb1 Nd4 38. Ba2 Ne2+ 39. Kd2 Ng1 40. Kc3 Nxh3 41. f4 Nf2 42. Bb1 Ng4 43. Ba2 Ne3 44. e5 fxe5 45. fxe5 Nd5+ 46. Kb2 Nb6 47. e6 Kd6 48. Kc3 h5 49. Kd4 g5 50. Bb1 c3 51. Bc2 Kxe6 52. Kc5 Nd5 53. Bb3 Ke5 54. Kb5 Ne3 55. Kxa5 c2 56. Bxc2 Nxc2 57. Kb6 h4 0-1

[Event "American Continental 18th"]
[Site "Medellin"]
[Date "2024.05.28"]
[Round "7"]
[White "Alboredo, Julia"]
[Black "Sepulveda Tuberquia, Ferney"]
[Result "0-1"]
[WhiteElo "2202"]
[BlackElo "2025"]
[PlyCount "100"]
[EventDate "2024.05.24"]
[EventType "swiss"]
[EventRounds "11"]
[EventCountry "COL"]
[SourceTitle "CBM 220 Extra"]
[Source "ChessBase"]
[SourceDate "2024.07.31"]
[SourceVersion "1"]
[SourceVersionDate "2024.07.31"]
[SourceQuality "1"]

1. e4 e5 2. Nf3 Nc6 3. Bc4 Bc5 4. d3 Nf6 5. Nc3 h6 6. a3 a5 7. Be3 Bxe3 8. fxe3 d6 9. d4 Bg4 10. 0-0 0-0 11. Ba2 Ne7 12. h3 exd4 13. exd4 Be6 14. d5 Bc8 15. Nh4 Nd7 16. Qh5 Ne5 17. Rf2 Bd7 18. a4 Qe8 19. Bb3 f6 20. Qe2 Qb8 21. Nb5 Bxb5 22. Qxb5 Qa7 23. Kf1 Rfe8 24. Re1 Qa6 25. Qxa6 Rxa6 26. Nf3 Nxf3 27. gxf3 g5 28. f4 Ng6 29. fxg5 fxg5 30. Re3 Ne5 31. Rg3 Rf8 32. h4 g4 33. h5 Raa8 34. Rc3 Rxf2+ 35. Kxf2 Rf8+ 36. Kg2 Rf7 37. Bc4 Kg7 38. Bb5 Kf6 39. b4 axb4 40. Rb3 b6 41. Kg3 Kg5 42. Be2 Kxh5 43. Rxb4 Kg5 44. a5 bxa5 45. Rb8 h5 46. Kg2 h4 47. Ra8 Kf4 48. Rxa5 Ke3 49. Ba6 Rf2+ 50. Kh1 Nf3 0-1